South Eastern Kenya University

Library Online Public Access Catalogue


Computers in activation analysis and gamma-ray spectroscopy : (Record no. 2285)

MARC details
000 -LEADER
fixed length control field 00945cam a2200181 i 4500
020 ## - ISBN
International Standard Book Number 0870791176
050 00 - LIBRARY OF CONGRESS CALL NUMBER
Classification Number QD606
Item Number .C6 1978
245 10 - TITLE
Title Computers in activation analysis and gamma-ray spectroscopy :
Remainder of title proceedings of the American Nuclear Society topical conference at Mayagüez, Puerto Rico, April 30-May 4, 1978 /
Statement of responsibility, etc sponsored by American Nuclear Society, Isotopes and Radiation Division ... [et al.] ; editors, B. Stephen Carpenter, Michael D. D'Agostino, Herbert P. Yule.
260 ## - PUBLICATION, DISTRIBUTION, ETC.(IMPRINT)
Place of publication, distribution, etc [Oak Ridge, Tenn.] :
Name of publisher, distributor, etc Technical Information Center, U.S. Dept. of Energy ;
Place of publication, distribution, etc Springfield, Va. :
Name of publisher, distributor, etc available from National Technical Information Service, U.S. Dept. of Commerce,
Date of publication, distribution, etc 1979.
300 ## - PHYSICAL DESCRIPTION
Extent xxii, 879 p. :
500 ## - GENERALNOTE
General note "CONF-780421."
650 #0 - SUBJECT--TOPIC
General subdivision Data processing
-- Congresses.
650 #0 - SUBJECT--TOPIC
General subdivision Data processing
-- Congresses.
700 1# - ADDED ENTRY--PERSONAL AUTHOR
Personal Name Carpenter, B. Stephen.
700 1# - ADDED ENTRY--PERSONAL AUTHOR
Personal Name D'Agostino, Michael D.
700 1# - ADDED ENTRY--PERSONAL AUTHOR
Personal Name Yule, Herbert P.,
942 ## - ADDED ENTRY ELEMENTS(KOHA)
Koha item type General circulation
Holdings
Source of classification or shelving scheme Not for loan Location (home branch) Sublocation (holding branch) Date accessioned Cost, normal purchase price Full call number Barcode Cost, replacement price Koha item type Public note
Library of Congress Classification   Main Campus Library Main Campus Library 28/08/2014 30135.06 QD606 .C6 1978 2017/020468 30635.00 General circulation leo
Kitui, Kenya.
+254736116989
library@seku.ac.ke